La exhumación médico legal (Registro nro. 5884)

Detalles MARC
000 -Cabecera
Campo de control de longitud fija 00959ata a2200373 4500
005 - Fecha y hora de la última transacción
Campo de control 20250612175128.0
008 - Elementos de longitud fija--Información general
Campo de control de longitud fija 150521b2006 xxu||||| |||| 00| 0 spa d
020 ## - International Standard Book Number
Número Internacional Estándar del Libro (ISBN) 9872205973
041 ## - Idioma
Código de idioma Español
082 ## - Clasificación Decimal Dewey
Número de clasificación 614.1 L881e
100 ## - Entrada principal--Autor personal
Nombre personal Lossetti, Oscar Ignacio
9 (RLIN) 30794
245 ## - Título propiamente dicho
Título La exhumación médico legal
260 ## - Pie de imprenta
Lugar de publicación, distribución, etc. Argentina
260 ## - Pie de imprenta
Nombre del editor, distribuidor, etc. Dosyuna
260 ## - Pie de imprenta
Fecha de publicación, distribución, etc. 2006
300 ## - Descripción física
Extensión 312 páginas
490 ## - Serie
Título de la Serie Investigación Criminal
650 ## - Materia general
Temática (materia general) MEDICINA LEGAL
650 ## - Materia general
Temática (materia general) MEDICINA FORENSE
650 ## - Materia general
Temática (materia general) EXHUMACIONES
650 ## - Materia general
Temática (materia general) METODOLOGÍA PARA EXHUMACIONES
650 ## - Materia general
Temática (materia general) OBSERVACIONES
650 ## - Materia general
Temática (materia general) EXPERIENCIAS QUE DOCUMENTAN EL TRABAJO
650 ## - Materia general
Temática (materia general) RESULTADOS DE EXHUMACIÓN
650 ## - Materia general
Temática (materia general) ENTOMOLOGÍA
650 ## - Materia general
Temática (materia general) CRIMINALÍSTICA
650 ## - Materia general
Temática (materia general) RADIOLOGÍA
650 ## - Materia general
Temática (materia general) BIOQUÍMICA
650 ## - Materia general
Temática (materia general) ADN
650 ## - Materia general
Temática (materia general) TOXICOLOGÍA
650 ## - Materia general
Temática (materia general) HISTOPATOLOGÓA
650 ## - Materia general
Temática (materia general) TAXONOMÍA
942 ## - Punto de acceso adicional KOHA
Tipo de ítem KOHA Libro
Fuente del sistema de clasificación o colocación Dewey Decimal Classification
Existencias
Signatura completa Código de barras Programa Académico Tipo de ítem
614.1 L881e 14845 Investigación Criminal Libro
614.1 L881e 24519 Investigación Criminal Libro